|
|
|
|
| LEADER |
01555nam a2200421Ia 4500 |
| 001 |
EBC1193549 |
| 003 |
MiAaPQ |
| 005 |
20200520144314.0 |
| 006 |
m o d | |
| 007 |
cr cn||||||||| |
| 008 |
071113s2008 si a sb 001 0 eng d |
| 010 |
|
|
|z 2007048502
|
| 020 |
|
|
|z 9789812708625
|
| 020 |
|
|
|z 9789812770363
|
| 020 |
|
|
|z 9812708626
|
| 035 |
|
|
|a (MiAaPQ)EBC1193549
|
| 035 |
|
|
|a (Au-PeEL)EBL1193549
|
| 035 |
|
|
|a (CaPaEBR)ebr10698754
|
| 035 |
|
|
|a (CaONFJC)MIL191155
|
| 035 |
|
|
|a (OCoLC)441823551
|
| 040 |
|
|
|a MiAaPQ
|c MiAaPQ
|d MiAaPQ
|
| 050 |
|
4 |
|a HG4538
|b .A48 2008
|
| 082 |
0 |
4 |
|a 332.67/3
|2 22
|
| 245 |
0 |
0 |
|a Advance$ in international inve$tment$
|h [electronic resource] :
|b traditional and alternative approaches /
|c editors, Hung-Gay Fung, Xiaoqing Eleanor Xu, Jot Yau.
|
| 246 |
3 |
|
|a Advances in international investments
|
| 260 |
|
|
|a Singapore ;
|a Hackensack, NJ :
|b World Scientific,
|c c2008.
|
| 300 |
|
|
|a xvi, 292 p. :
|b ill.
|
| 504 |
|
|
|a Includes bibliographical references and index.
|
| 533 |
|
|
|a Electronic reproduction. Ann Arbor, MI : ProQuest, 2015. Available via World Wide Web. Access may be limited to ProQuest affiliated libraries.
|
| 650 |
|
0 |
|a Investments, Foreign.
|
| 650 |
|
0 |
|a Capital movements.
|
| 650 |
|
0 |
|a International economic relations.
|
| 655 |
|
4 |
|a Electronic books.
|
| 700 |
1 |
|
|a Fung, Hung-gay.
|
| 700 |
1 |
|
|a Xu, Xiaoqing Eleanor.
|
| 700 |
1 |
|
|a Yau, Jot.
|
| 710 |
2 |
|
|a ProQuest (Firm)
|
| 856 |
4 |
0 |
|u https://ebookcentral.proquest.com/lib/matrademy/detail.action?docID=1193549
|z Click to View
|